000 00663nam a2200217 a 4500
001 000026362
005 20200930024529.0
008 110315s1978 sp a r 000 0 spa d
020 _a8432929204
040 _aDO-SdBNP
_bspa
_cBNPHU
082 _axxx
_bZ96o, 1978
100 1 _aZurita Ruiz, José
_953389
245 1 0 _aObras hidráulicas /
_cJosé Zurita Ruiz.
250 _a3ª ed.
260 _aBarcelo, (España) :
_bEdiciones Ceac,
_c1978.
300 _a260, [4] p. :
_bil. ;
_c22 cm.
490 1 _aMonografías ceac sobre construcción
_v20
500 _aIncluye índices
830 0 _aMonografías ceac sobre construcción ;
_v20
_953390
049 _aBNGR
999 _c25854
_d25854